[Event "Vojvodina-chT 2nd League"]
[Site "Backa Palanka"]
[Date "2020.10.17"]
[Round "2.6"]
[White "Mitrovic, Zivadin"]
[Black "Djurdjevic, Petar M"]
[Result "1-0"]
[WhiteElo "2170"]
[BlackElo "2087"]
[PlyCount "89"]
[EventDate "2020.10.16"]
[EventType "team-tourn"]
[EventRounds "11"]
[EventCountry "SRB"]
[SourceTitle "EXT 2022"]
[Source "ChessBase"]
[SourceDate "2021.10.06"]
[SourceVersion "1"]
[SourceVersionDate "2021.10.06"]
[SourceQuality "1"]
[WhiteTeam "Opovo Bata Cosic"]
[BlackTeam "Vojka Sremac"]
[WhiteTeamCountry "SRB"]
[BlackTeamCountry "SRB"]

1. b4 e5 2. Bb2 d6 3. e3 Nf6 4. c4 g6 5. Nc3 Bg7 6. Nf3 0-0 7. Be2 c6 8. d4 e4 9. Nd2 d5 10. Qb3 Be6 11. Rc1 Re8 12. b5 Nbd7 13. Ba3 a6 14. bxc6 bxc6 15. Qa4 Nb8 16. 0-0 Nfd7 17. Rb1 Qg5 18. Kh1 Bxd4 19. Ndxe4 dxe4 20. exd4 Bf5 21. Rbd1 Nf6 22. d5 cxd5 23. Nxd5 Bd7 24. Nxf6+ Qxf6 25. Rxd7 Nxd7 26. Qxd7 Rad8 27. Qa4 Re6 28. Qc2 Qf4 29. Bc1 Qe5 30. Bb2 Qg5 31. Qc3 f6 32. c5 Rc6 33. Qc4+ Kg7 34. Qxe4 Qxc5 35. Ba3 f5 36. Bb2+ Kf7 37. Qh4 Rd2 38. Qxh7+ Ke8 39. Qh8+ Kd7 40. Bf3 Re6 41. Bf6 Kc7 42. Qg7+ Rd7 43. Qxg6 Qxf2 44. Rc1+ Kd6 45. Rc6# 1-0

[Event "Vojvodina-chT"]
[Site "Kac"]
[Date "2014.11.14"]
[Round "10.6"]
[White "Markovic, Dragan M"]
[Black "Mitrovic, Zivadin"]
[Result "1/2-1/2"]
[WhiteElo "2017"]
[BlackElo "2186"]
[PlyCount "103"]
[EventDate "2014.11.08"]
[EventType "team-tourn"]
[EventRounds "11"]
[EventCountry "SRB"]
[SourceTitle "EXT 2017"]
[Source "ChessBase"]
[SourceDate "2016.10.25"]
[SourceVersion "1"]
[SourceVersionDate "2016.10.25"]
[SourceQuality "1"]

1. e4 d5 2. exd5 Nf6 3. Nf3 Nxd5 4. d4 g6 5. c4 Nf6 6. Be2 Bg7 7. 0-0 0-0 8. Nc3 c6 9. h3 Re8 10. Be3 Nbd7 11. Qd2 Qa5 12. a3 e5 13. b4 Qd8 14. d5 cxd5 15. cxd5 Nb6 16. Bxb6 Qxb6 17. Rfd1 Bd7 18. Rac1 Rad8 19. Bc4 a6 20. Bb3 Qd6 21. Re1 Bf5 22. Rcd1 h5 23. Na4 b6 24. Qe2 Bc8 25. Qe3 Nd7 26. Nd2 b5 27. Ne4 Qb8 28. Nac5 Nb6 29. Qf3 Nc4 30. d6 Bf5 31. d7 Rf8 32. g4 hxg4 33. hxg4 Bxe4 34. Qxe4 Qc7 35. g5 a5 36. Kg2 Nd6 37. Qxg6 Nc4 38. Qh5 Qc6+ 39. Qf3 Qg6 40. Qg3 Qc6+ 41. f3 f5 42. Bxc4+ bxc4 43. Qh4 f4 44. Qg4 Rf7 45. Re4 axb4 46. axb4 c3 47. Rc4 Qg6 48. Rxc3 e4 49. Rc4 exf3+ 50. Kxf3 Qc6+ 51. Kf2 Bf8 52. Qf3 1/2-1/2

[Event "Vojvodina-chT"]
[Site "Kac"]
[Date "2014.11.11"]
[Round "5.3"]
[White "Roganovic, Nebojsa"]
[Black "Mitrovic, Zivadin"]
[Result "1/2-1/2"]
[WhiteElo "2197"]
[BlackElo "2186"]
[PlyCount "89"]
[EventDate "2014.11.08"]
[EventType "team-tourn"]
[EventRounds "11"]
[EventCountry "SRB"]
[SourceTitle "EXT 2017"]
[Source "ChessBase"]
[SourceDate "2016.10.25"]
[SourceVersion "1"]
[SourceVersionDate "2016.10.25"]
[SourceQuality "1"]

1. e4 d5 2. exd5 Nf6 3. Bb5+ Bd7 4. Be2 Nxd5 5. d4 e6 6. Nf3 Be7 7. 0-0 0-0 8. c4 Nf6 9. Nc3 Bc8 10. Bf4 a6 11. Qb3 b6 12. Rfd1 Bb7 13. Rac1 Nbd7 14. a3 Ne4 15. Nxe4 Bxe4 16. Qe3 Bb7 17. d5 Bc5 18. Qd2 exd5 19. cxd5 Nf6 20. b4 Bd6 21. Bg5 h6 22. Bh4 Re8 23. Nd4 Re4 24. Bg3 Bxg3 25. hxg3 Bxd5 26. Bf3 Re8 27. Nc6 Bxc6 28. Bxc6 Qxd2 29. Rxd2 Rad8 30. Rdc2 Re7 31. f3 Rd3 32. a4 Rb3 33. b5 axb5 34. axb5 Nd7 35. Rd2 Nc5 36. Rd8+ Kh7 37. Rcd1 Rb2 38. R8d2 Rxd2 39. Rxd2 Kg6 40. g4 Kf6 41. Kf2 Re6 42. Rd8 Re7 43. Rd4 g6 44. Rf4+ Ke5 45. Rc4 1/2-1/2

[Event "Vojvodina-chT 2nd League"]
[Site "Stari Banovci"]
[Date "2013.11.05"]
[Round "3"]
[White "Tokovic, Svetozar"]
[Black "Mitrovic, Zivadin"]
[Result "1-0"]
[WhiteElo "2237"]
[BlackElo "2187"]
[PlyCount "93"]
[EventDate "2013.11.03"]
[EventType "team-tourn"]
[EventRounds "11"]
[EventCountry "SRB"]
[SourceTitle "EXT 2015"]
[Source "ChessBase"]
[SourceDate "2014.11.20"]
[SourceVersion "1"]
[SourceVersionDate "2014.11.20"]
[SourceQuality "1"]

1. e4 e6 2. d3 d5 3. Nd2 dxe4 4. dxe4 Nf6 5. Ngf3 Bc5 6. Bb5+ Bd7 7. Qe2 Nc6 8. 0-0 a6 9. Bc4 e5 10. Bxf7+ Kxf7 11. Qc4+ Kf8 12. Qxc5+ Qe7 13. Qc3 Rd8 14. Re1 Bg4 15. h3 Bxf3 16. Nxf3 h6 17. Nh4 Qf7 18. b3 g5 19. Ba3+ Kg7 20. Nf5+ Kg6 21. f3 Rd7 22. Rad1 Rhd8 23. Rxd7 Qxd7 24. Bc1 Nh5 25. Kh2 Ng7 26. Nxg7 Qxg7 27. Be3 Qe7 28. Re2 Qa3 29. Qc4 Kf6 30. g3 Qe7 31. f4 Kg7 32. Rf2 Rf8 33. Bc5 Qf7 34. Bxf8+ Qxf8 35. f5 Qf6 36. Rd2 Qe7 37. c3 h5 38. Qd5 g4 39. Rf2 Kf6 40. Qd2 Qg7 41. h4 Qh7 42. Qg5+ Kf7 43. Rd2 Ke8 44. Qf6 a5 45. Qe6+ Qe7 46. Qc8+ Nd8 47. f6 1-0